Word to Number Blitz Quiz Stats

 Plays Quiz Updated Nov 26, 2013

Support Sporcle.
Go Orange.
Score 0/100 Timer 03:00
0 Plays Today
% Correct
6
77.8%
14
77.8%
47
77.7%
8
77.6%
11
77.6%
26
77.6%
30
77.6%
5
77.6%
53
77.6%
51
77.6%
85
77.6%
3
77.5%
62
77.5%
12
77.5%
31
77.5%
32
77.5%
60
77.5%
83
77.5%
1
77.5%
16
77.5%
20
77.5%
2
77.5%
64
77.5%
71
77.5%
73
77.5%
100
77.5%
34
77.5%
38
77.5%
81
77.5%
9
77.4%
35
77.4%
7
77.4%
15
77.4%
13
77.4%
% Correct
25
77.4%
28
77.4%
69
77.4%
18
77.4%
65
77.4%
90
77.4%
94
77.4%
41
77.4%
42
77.4%
86
77.4%
96
77.4%
97
77.4%
36
77.3%
29
77.3%
44
77.3%
37
77.3%
50
77.3%
52
77.3%
61
77.3%
40
77.3%
49
77.3%
92
77.3%
43
77.3%
82
77.3%
87
77.3%
91
77.3%
24
77.3%
48
77.3%
70
77.3%
23
77.3%
45
77.3%
21
77.2%
57
77.2%
78
77.2%
% Correct
84
77.2%
10
77.2%
58
77.2%
93
77.2%
4
77.2%
56
77.1%
74
77.1%
19
77.1%
27
77.1%
59
77.1%
22
77.1%
39
77.1%
72
77.1%
80
77.1%
79
77.1%
17
77.1%
33
77%
63
77.1%
46
77%
88
77%
89
77%
95
77%
98
77%
68
77%
55
76.9%
75
76.9%
66
76.9%
77
76.9%
99
76.8%
54
76.7%
67
76.7%
76
76.6%

From the Vault

20 Famous Construction Projects

by georgieburgess

History 6m
If you build it, they will come...
Remove Ads.
Support Sporcle.
Get the best of Sporcle when you Go Orange. This ad-free experience offers more features, more stats, and more fun while also helping to support Sporcle. Thank you for becoming a member.

Show Comments

Extras

Top Quizzes Today


Score Distribution

Your Account Isn't Verified!

In order to create a playlist on Sporcle, you need to verify the email address you used during registration. Go to your Sporcle Settings to finish the process.

Report this User

Report this user for behavior that violates our Community Guidelines.

Details: